[Event "GER-GRE"]
[Site "Fuerth"]
[Date "2002.09.03"]
[Round "4"]
[White "Schmaltz, Roland"]
[Black "Banikas, Hristos"]
[Result "0-1"]
[WhiteElo "2547"]
[BlackElo "2520"]
[Annotator "Ribli,Z"]
[PlyCount "50"]
[EventDate "2002.08.31"]
[EventType "team"]
[EventRounds "6"]
[EventCountry "GER"]
[SourceTitle "CBM 091"]
[Source "ChessBase"]
[SourceDate "2002.11.12"]
[SourceVersion "1"]
[SourceVersionDate "2002.11.12"]
[SourceQuality "1"]
[WhiteTeam "Germany"]
[BlackTeam "Greece"]
[WhiteTeamCountry "GER"]
[BlackTeamCountry "GRE"]

1. e4 c5 2. Nf3 Nc6 3. Nc3 e6 4. d4 cxd4 5. Nxd4 Qc7 6. f4 a6 {Ich muss
anmerken, dass Halkias zwei Runden vorher gegen Schmaltz die Fortsetzung 6...
Nxd4 spielte, was eine wichtige Alternative ist.} 7. Nxc6 Qxc6 (7... bxc6) 8.
Bd3 b5 9. Qe2 Bb7 10. Bd2 Rc8 {[%cal Gc8c2] Es gibt auch andere Züge für
Schwarz (10...Bc5, 10...Be7, 10...Ne7, 10...Nf6), aber der Turmzug ist die
beste Möglichkeit: Wie gewöhnlich in der Paulsen-Variante entwickelt Schwarz
seine Figuren am Königsflügel in Abhängigkeit vom weißen Spielplan.} 11. a4 {
Dieser Zug ist sehr zweischneidig - die ruhigen Alternativen sind 11.0-0, oder
11.a3!?.} (11. O-O {Die lange Rochade - 11.0-0-0 - wäre nicht gut wegen 11...
b4 und im Falle von 12.Nd5 kann Schwarz 12...Qa4 ziehen.} Bc5+ (11... Qb6+ 12.
Kh1 b4 13. Na4 Qc6 14. b3 Nf6 15. e5 Ne4 16. Rae1 f5 17. exf6 Nxf6 18. f5 Bd6
19. fxe6 O-O 20. exd7 Nxd7 21. Qe6+ Kh8 22. Qh3 g6 23. Rxf8+ Rxf8 24. Bxg6 Nf6
25. Bg5 $16 {1/2-1/2 Medvegy,Z-Halkias,S/Patras 1999/CBM 72 ext (75)}) 12. Kh1
Ne7 13. a3 (13. Rae1 b4 14. Nd1 O-O 15. f5 exf5 16. exf5 Rce8 17. f6 gxf6 18.
Bh6 Ng6 19. Qg4 Rxe1 20. Rxe1 Rc8 21. h4 f5 {0-1 Weinzettl,E-Zivanic,M/
Belgrade YUG 2001/(26)}) 13... O-O 14. Rf3 f5 15. Raf1 Bd4 16. e5 Rf7 17. Nd1
g5 {0-1 Collins,S-Mastrovasilis,D/Athens 2001/EXT 2002 (61)}) (11. a3 $5) 11...
b4 12. Nd5 {Das ist die Idee des Zugs 11.a4 - Schwarz kann nicht den
d5-Springer nehmen, und der Pb4 hängt auch. Die Stellung ist sehr kompliziert
und man muss die Stellung tief mit dem PC analysieren, um sich ein Urteil
bilden zu können. Aber nach meiner Meinung steht der Nd5 ein wenig in der Luft
und der ganze Plan für Weiß mit 11.a4 ist deshalb verdächtig. Aber eine starke
Verbesserung für Weiß und die Variante ist wieder gut - eine bekannte "story"
in der heutigen Eröffnungstheorie...} f5 $5 $13 {[%mdl 4] Das ist - natürlich
- eine vorbereitete Neuerung von Schwarz. Jetzt lautet die schwarze Drohung 13.
..fxe4 14.Bxe4 Qc4. Die andere Idee des Zugs 12...f5 ist, dass Schwarz Ke8-f7
ziehen kann.} (12... Nf6 13. Nxb4 (13. Nxf6+ gxf6 14. O-O f5 15. Rae1 fxe4 16.
Qxe4 Qxe4 17. Bxe4 Bxe4 18. Rxe4 f5 19. Ree1 Rxc2 {0-1 Hector,J-Polgar,S/
Aarhus 1993/EXT 97 (31)}) 13... Bxb4 14. Bxb4 Nxe4 15. c3 (15. Bxe4 Qxe4 16.
Qxe4 Bxe4 17. c3 d5 18. O-O f6 19. Rf2 Kf7 {1/2-1/2 Fiorito,F-Bronstein,L/San
Luis 1990/EXT 97 (28)}) 15... Nf6 16. O-O d6 17. Rad1 Rd8 18. a5 O-O 19. c4
Rfe8 20. Bc3 $14 {1-0 Rytshagov,M-Seeman,T/Salo 1991/EXT 2000 (38)}) 13. c4 $2
(13. a5 $5 fxe4 (13... Bc5 $5) 14. Bxe4 Qc4 15. Nf6+ (15. Nb6 $13) 15... Nxf6
16. Bxb7 $13) (13. Nxb4 $5 Bxb4 14. Bxb4 fxe4 (14... Nf6 15. exf5 $16) 15. Bb5
$1 {Dieser Zwischenzug mit dem Läufer ist schön und - besonders in der
praktischen Partie - schwer zu sehen.} (15. Qh5+ g6 16. Qe5 exd3 $19) 15...
axb5 16. Qh5+ g6 (16... Kd8 17. Qg5+ $16) 17. Qe5 Qc4 (17... Kf7 18. Bc3 $18 (
18. Qxh8 $2 Nf6 {[%csl Rh8][%cal Rc8h8]})) 18. Qd6 Kd8 $13 {Weiß hat
mindestens Zugwiederholung mit 19.Qf8+ und 20.Qd6+, oder mit 19.Ba5+ und 20.
Bb4. Die Frage ist, ob er mehr hat!}) 13... Kf7 $5 (13... fxe4 $5 14. Qh5+ (14.
Qxe4 Kf7 $19) (14. Bxe4 Qxc4 15. Nf6+ Nxf6 16. Bxb7 Qxe2+ 17. Kxe2 Rc2 $15)
14... g6 15. Qe5 exd3 16. Qxh8 exd5 17. Qxg8 Qe6+ 18. Qxe6+ dxe6 $17) 14. exf5
exd5 15. Qh5+ g6 $1 (15... Kf6 16. Qh4+ Kf7 17. Qh5+) 16. fxg6+ hxg6 {Schwarz
opfert den h8-Turm, aber er bekommt eine entscheidende Initiative.} (16... Kg7
17. gxh7 Nh6 (17... Qe6+ 18. Kd1 $16) 18. Qg5+ Kf7 19. Qh5+ Kg7 $11) 17. Qxh8
dxc4 {[%csl Rh8][%cal Gb7h1,Gc8e8,Ge8e1][%mdl 128] Schwarz hat eine Qualität
weniger, aber die h8Q steht sehr passiv und die schwarzen Figuren kommen mit
Tempo ins Spiel.} (17... Re8+ 18. Kf2 dxc4 $19) 18. Qh7+ (18. Be2 Re8 $19 {
[%csl Re1][%cal Re8e1] Es ist endlich der weiße König, der sehr schlecht steht.
}) 18... Bg7 19. Qxg6+ (19. Be2 Re8 $19 {[%csl Re1][%cal Rc6e4,Rc6g2,Re8e1]})
19... Qxg6 20. Bxg6+ Kxg6 $19 {[%csl Gb4,Gc4][%cal Gb7h1,Gg7a1] Schwarz hat
zwei Leichtfiguren gegen den Turm und Bauern: Das wäre noch kein besonders
großer Materialvorteil, aber sein Läuferpaar ist sehr stark und seine Bauern
am Damenflügel entscheiden die Partie.} 21. O-O-O (21. Bxb4 Bxb2 22. Rd1 c3 $19
) 21... c3 {[%cal Gc8c1]} 22. bxc3 Be4 (22... bxc3 $19) (22... Nf6 $19 {
[%cal Gf6e4,Ge4c3]}) 23. Rhe1 d5 24. Re3 bxc3 25. Rg3+ Kf7 0-1

[Event "Villa Martelli Masters KO"]
[Site "Villa Martelli"]
[Date "2002.04.13"]
[Round "1.2"]
[White "Ricardi, Pablo"]
[Black "Filgueira, Hernan"]
[Result "1-0"]
[WhiteElo "2544"]
[BlackElo "2371"]
[Annotator "Ribli,Z"]
[PlyCount "80"]
[EventDate "2002.04.12"]
[EventType "k.o."]
[EventRounds "3"]
[EventCountry "ARG"]
[SourceTitle "CBM 089"]
[Source "ChessBase"]
[SourceDate "2002.08.12"]
[SourceVersion "1"]
[SourceVersionDate "2002.08.12"]
[SourceQuality "1"]

1. e4 c5 2. Nf3 e6 3. d4 cxd4 4. Nxd4 Nc6 5. Nc3 Qc7 6. g3 a6 7. Bg2 Nf6 8. O-O
Bc5 {Dieser Läuferzug erfreut sich in letzter Zeit großer Beliebtheit.} 9. Bf4
(9. Nxc6) (9. Nb3) 9... e5 (9... Ne5) 10. Nb3 exf4 11. Nxc5 fxg3 12. hxg3 d6
13. Nd3 h5 {Der Textzug führt zu scharfem Spiel. Die Alternative 13...Be6 ist
sicherer, aber auch weniger ambitioniert.} (13... Be6 $5) 14. Nd5 (14. Nf4 h4
15. Ncd5 Nxd5 16. Nxd5 Qd8 17. g4 h3 18. Bf3 Ne5 19. Be2 Rh4 20. f3 Be6 21. Kh1
Rc8 22. Ne3 Qb6 23. Qe1 Rh8 24. b3 g5 25. Rd1 Ke7 26. Qd2 f6 {0-1 Olsson,A-Bar,
R/Tallinn 1997/EXT 98 (77)}) 14... Nxd5 {Das ist kein schlechter Zug, aber die
scheinbar passive Fortsetzung 14...Qd8 ist sehr gut spielbar.} (14... Qd8 15.
Qe1 (15. Qf3 Nxd5 (15... Ng4 {/\ h4}) 16. exd5 Ne7 17. Rfe1 Kf8 18. Nf4 Bf5 19.
Nxh5 Qd7 20. Rxe7 Qxe7 21. g4 Qg5 22. Nxg7 Kxg7 23. gxf5 Rae8 {0-1 Kerek,
K-Szabolcsi,J/Hungary 1998/EXT 2000 (26)}) 15... Kf8 16. Qc3 Nxd5 17. exd5 Ne7
18. Rae1 (18. Qb4 a5 19. Qb5 h4 20. Rae1 Nf5 (20... b6 $5) 21. Nf4 Bd7 22. Qd3
$6 (22. Qxb7 Rb8 23. Qa7 Ra8 24. Qb7 $11) 22... Qf6 $15 23. Re4 Re8 24. Rxe8+
Bxe8 25. c3 Bd7 {0-1 Hernandez,G-Al Modiahki,M/Benasque 1997/EXT 98 (38)})
18... Bf5 $11 19. Nf4 $6 (19. Qd4 $5) 19... Rc8 20. Qf3 g5 $1 21. Ne2 Bg4 22.
Qf6 Ng6 23. Qxd8+ Rxd8 24. Nd4 Kg7 25. Re3 (25. Be4 $5) 25... h4 $1 {0-1
Ivanov,A-De Firmian,N/Modesto 1995/CBM 51/[Ribli] (37)}) 15. exd5 Ne7 16. Re1 {
[%cal Ge1e8]} Kf8 17. c4 {[%mdl 4] Das ist ein logischer Zug. Weiß
beabsichtigt, c4-c5 zu spielen und die Stellung zu öffnen.} (17. Nf4 h4 18. g4
Bd7 19. Qf3 Qxc2 20. Rac1 Qxb2 21. Rc7 Ke8 22. Qe3 Qe5 23. Qxe5 dxe5 24. Rxe5
Kd8 25. Rxb7 {1/2-1/2 Szmetan,J-Milos,G/Mar del Plata 1996/CBM 51 ext (37)})
17... h4 (17... Qxc4 $6 18. Rc1 $44 (18. Qe2 Qc7 19. Rac1 Qd8)) (17... Bf5 $5
18. c5 h4) 18. Rc1 {[%cal Gc4c5]} hxg3 19. fxg3 Bf5 20. Nf2 $8 {Weiß muss so
spielen, sonst kommt Schwarz zu Bxd3 nebst Qc5+ oder Qb6+.} Rd8 21. b4 $14 {
Weiß hat ein starkes Zentrum. Schwarz muss nun immer mit c4-c5 rechnen.} Rh6
22. Qd4 Bc8 {[%cal Ge7f5]} (22... Rf6 23. Rc3 $16 {[%cal Gc4c5]}) 23. Ne4 {
23.c5? geht jetzt nicht, denn dann folgt 23...dxc5, und der Pg3 hängt.} Bf5 {
Es ist nicht leicht für Schwarz, seine Figuren zu koordinieren. Der Textzug
zielt darauf ab, zumindest den weißen Springer abzutauschen.} (23... Nf5 24.
Qf2 $14) 24. Ng5 f6 $6 {Dieser Zug schwächt das Feld e6.} 25. Nf3 (25. Ne6+
Bxe6 26. Rxe6 $16) 25... Rg6 26. Qf2 {[%csl Ye6][%cal Gf3d4,Gd4e6]} Bc8 27. Nd4
Rg5 28. Re6 $5 Ng6 $2 {[%mdl 8192]} (28... Re5 $2 29. Rxf6+ gxf6 30. Qxf6+ Kg8
31. Rf1 Qb6 32. Qf7+ Kh8 33. Rf4 Nf5 34. c5 $1 Qxb4 35. Qf6+ Kh7 (35... Ng7 36.
Qxd8+ $18) 36. Nxf5 $18) (28... Nxd5 {[%cal Gc7c1]} 29. Bxd5 Rxd5 30. Rxf6+ Kg8
) (28... Kg8 $5) {[#]} 29. Rxf6+ $1 $16 Kg8 (29... gxf6 30. Qxf6+ $18 {[%cal
Rf6f8,Rf6g5]}) 30. Ne6 Bxe6 31. Rxe6 {Weiß hat einen Mehrbauern und die
aktivere Stellung.} Nf8 (31... Rf8 32. Qe3 $16) 32. Re4 {[%cal Ge4f4]} a5 33.
a3 axb4 34. axb4 Nh7 (34... Ng6 35. Bh3 $18 {[%cal Rh3e6,Re6g8]}) 35. Bh3 $18 {
[%csl Rg8,Gh4][%cal Rh3e6,Re6g8] Das Auftauchen des Läufers auf der Diagonale
h3-c8 führt die endgültige Entscheidung herbei.} Rf8 36. Rf4 Rxf4 37. Qxf4 Qe7
38. Be6+ {Der Läufer ist die dritte weiße Figur (nach dem Turm und dem
Springer), der das Feld e6 besetzt.} Kh8 39. c5 Qf6 (39... dxc5 40. Rxc5 $18)
40. Qxf6 Nxf6 (40... Nxf6 41. c6 $18 (41. cxd6 $18)) 1-0

[Event "United Insurance 5th"]
[Site "Dhaka"]
[Date "2001.02.23"]
[Round "5"]
[White "Volzhin, Alexander"]
[Black "Reefat, Bin Sattar"]
[Result "1-0"]
[WhiteElo "2539"]
[BlackElo "2458"]
[Annotator "Ribli,Z"]
[PlyCount "49"]
[EventDate "2001.02.19"]
[EventType "tourn"]
[EventRounds "13"]
[EventCountry "BAN"]
[EventCategory "8"]
[SourceTitle "CBM 082"]
[Source "ChessBase"]
[SourceDate "2001.05.17"]
[SourceVersion "1"]
[SourceVersionDate "2001.05.17"]
[SourceQuality "1"]

1. e4 c5 2. Nf3 Nc6 3. d4 cxd4 4. Nxd4 Qc7 5. Nc3 e6 6. g3 {Generell gelten
Varianten mit g3-Bg2 als solide aber wenig aggressiv. Das trifft auch im Fall
der Sizilianischen Verteidigung zu. Die Varianten mit 6.Be2 oder 6.Be3 a6 7.
Bd3 sind gefährlicher für Schwarz, aber auch der Textzug enthält sein Gift.} a6
(6... Nf6 $2 7. Bf4 $16 {Das ist ein wohlbekanntes Motiv und ein guter Beleg
dafür, dass der Zug g3 nicht nur Bg2 vorbereitet.}) 7. Bg2 Nf6 8. O-O Bc5 (8...
Nxd4 9. Qxd4 Bc5 10. Bf4 d6 11. Qd2 h6 12. Rad1 e5 {Diese Variante ist in
letzter Zeit wieder populär - Schwarz hat ausgezeichnete Ausgleichschancen.}) (
8... Be7) (8... d6) 9. Nxc6 (9. Nb3) 9... dxc6 10. Na4 (10. e5 {Dieses
Bauernopfer ist interessant, aber nicht ganz korrekt.} Qxe5 (10... Nd5 11. Ne4
$16) (10... Nd7 11. Bf4 $16 {[%csl Yd6][%cal Gc3e4,Ge4d6]}) 11. Bf4 Qd4 (11...
Qh5 12. Bf3 Qg6 13. Na4 $44) 12. Qe2 Be7 13. Rfd1 Qc5 (13... Qb6) (13... Qa7)
14. Bc7 O-O 15. a4 a5 $15) 10... Ba7 (10... Be7 11. c4 (11. e5) 11... Nd7 $5 (
11... b5 12. e5 Nd7 (12... bxa4 13. exf6 Bxf6 14. Qxa4 Bb7 15. Bf4 e5 16. Be3
$16) 13. Nc3 (13. cxb5 axb5 14. Nc3 Bb7 (14... Ba6 $5) 15. f4 Qb6+ 16. Kh1 c5
17. Ne4 f5 18. exf6 Nxf6 19. Qe2 Nxe4 20. Bxe4 O-O 21. Bxb7 Qxb7+ 22. Kg1 Bf6
23. Re1 Ra6 $11) 13... b4 (13... Bb7 $6 14. Ne4 $36) 14. Ne4 Nxe5 15. Bf4 $44)
12. Be3 b5 13. Nc3 O-O $13) 11. c4 Nd7 (11... b5 12. e5 Nd7 13. cxb5 axb5 14.
Nc3 Ba6 15. Ne4 Nxe5 16. Bf4 O-O 17. Qh5 (17. Qc2 $1 $44 {[%csl Gc2]}) 17... f6
18. Rac1 b4 19. Rfe1 Bb5 20. Bh3 g6 21. Nxf6+ Rxf6 22. Qxe5 Qxe5 23. Rxe5 Bd4 {
1/2-1/2 Hakki,I-Horvath,J/Cairo-B 1997/EXP 57 (26)}) 12. b4 {Weiß möchte
anschließend die einzige aktive schwarze Figur - den Ba7 - mit c4-c5
einschließen.} b5 (12... a5 $5 13. b5 e5 14. Rb1 (14. Ba3 Bd4 15. Rb1 b6 16. c5
cxb5 17. cxb6 Nxb6 18. Rxb5 Nc4 19. Qc2 Bd7 20. Rd5 Rc8 21. Bc5 {1/2-1/2
Weinzettl,E-Horvath,J/Austria 1998/CBM 63 ext (25)}) 14... Bd4 15. Bb2 c5 16.
Bxd4 cxd4 17. c5 Nxc5 18. Rc1 b6 19. Nxc5 bxc5 20. Qc2 Be6 21. Qxc5 Qxc5 22.
Rxc5 Bxa2 23. Rxe5+ Kd7 24. Rd1 Rhd8 25. Rc5 Ke7 26. Rc7+ $14 {1/2-1/2 Emms,
J-Magem Badals,J/Mondariz 2000/CBM 79 no vc (66)}) 13. Nb2 c5 (13... O-O 14. c5
a5 15. a3 $16 {[%csl Ra7]}) 14. bxc5 O-O (14... Bxc5 15. Qg4 Kf8 16. Nd3 h5 17.
Qe2 b4 18. Bb2 a5 19. Rad1 Ba6 20. Nf4 Ne5 21. Bxe5 Qxe5 22. Rd7 Be7 23. Rfd1 {
1-0 Ahn,M-Sjoberg,M/Bonnevoie 1998/EXT 99 (38)}) 15. cxb5 axb5 16. Be3 Nxc5 (
16... Bb7 17. Rc1 $16) 17. Rc1 $14 {[%mdl 2048] Weiß übt spürbar Druck am
Damenflügel aus - die Fesslung auf der c-Linie ist sehr unangenehm für Schwarz.
Selbst wenn es Schwarz gelingt, seine Probleme mit Hilfe einer Reihe
erzwungener Züge zu lösen. riskiert Weiß nichts, denn in diesem Fall würde die
Partie Remis enden.} Qe7 18. e5 Nb7 $8 {Der Springer steht unglücklich auf b7,
aber Schwarz bleibt keine andere Wahl.} (18... Rb8 $2 19. Qd6 $18) (18... Rd8
19. Qg4 $18 {[%cal Rg2a8,Re3g5,Rg5d8]} (19. Bxa8 Rxd1 20. Rfxd1 $18)) 19. Re1
Bxe3 20. Rxe3 b4 (20... Rxa2 $2 21. Rec3 $1 Rxb2 22. Rxc8 {Droht 23.Bxb7 Qxb7
24.Rxf8+ Kxf8 25.Qd8 Matt.} Na5 23. R1c7 (23. Rxf8+ Qxf8 24. Ra1 $18) 23... Qb4
24. Rxf8+ Qxf8 25. Rd7 $18) 21. Na4 Ra5 (21... Ra6 22. Rd3 Qe8 23. Nb2 Rxa2 24.
Qb3 $16 {Weiß gewinnt den Bauern mit positionellem Vorteil zurück.}) 22. Nb6 {
[%csl Gb6] Es sind schon 22 Züge absolviert, und nun gerät der noch immer auf
seinem Ausgangsfeld verharrende Bc8 in Not.} Nc5 $6 (22... Rc5 $142 23. Re2 $14
) 23. Qd6 $1 Qxd6 (23... Qd8 24. Nxc8 Qxc8 25. Re2 Qd8 26. Rec2 b3 27. axb3
Nxb3 28. Rd1 $16 (28. Qxd8 Rxd8 29. Rc8 Rf8 $11)) 24. exd6 Bd7 $2 {[%mdl 8192]}
(24... Bb7 $142 25. Re5 (25. d7 Bxg2 26. Kxg2 f6 {Sonst kommt 27.Re5.} 27. Re2
$14) 25... Ra6 (25... Bxg2 26. Rexc5 Rxc5 27. Rxc5 Bb7 28. d7 Rd8 29. Rc8 $18)
26. Rexc5 Rxb6 27. Bxb7 Rxb7 28. Rc7 $16) 25. Bf1 $1 $18 {[%csl Rc5] Schwarz
gab auf, denn er hat keine Verteidigung gegen 26.Rxc5 und 27.Nxd7. Zudem droht
26.Re5.} (25. Re5 $2 Ra6 26. Rexc5 Rxb6 27. Rd1 $14) 1-0

[Event "Chigorin Memorial 07th"]
[Site "St Petersburg"]
[Date "1999.11.03"]
[Round "2"]
[White "Varavin, Viktor"]
[Black "Fominyh, Alexander"]
[Result "0-1"]
[WhiteElo "2402"]
[BlackElo "2552"]
[Annotator "Ribli,Z"]
[PlyCount "102"]
[EventDate "1999.11.02"]
[EventType "swiss"]
[EventRounds "9"]
[EventCountry "RUS"]
[SourceTitle "CBM 074"]
[Source "ChessBase"]
[SourceDate "2000.02.01"]
[SourceVersion "1"]
[SourceVersionDate "2000.02.01"]
[SourceQuality "1"]

{[%mdl 16416]} 1. e4 c5 2. Nf3 Nc6 3. d4 cxd4 4. Nxd4 e6 5. Nc3 Qc7 6. Be2 a6
7. O-O Bc5 {Die theoretische Hauptvariante ist 7...Nf6, aber Fominyh spielt
seine Hausvariante.} 8. Be3 {[%csl Rc5][%cal Rd4e6,Re6c7,Re6c5] Droht die
"kleine Kombination" mit Nxe6.} (8. Nb3 Be7 $11) (8. Nxc6 $5) 8... Nce7 {
[%cal Gc5e3] Das ist der Schlüsselzug der Variante - der d4N ist gefesselt,
was bedeutet, dass Schwarz nach einem Springerzug die dunkelfarbigen Läufer
tauschen kann.} 9. Qd2 {Weiss muss den e3B verteidigen, sonst kann der d4N
nicht wegziehen. Es ist interessant - Fominyh ist sehr erfolgreich mit dieser
Variante, aber es gibt wenige Nachfolger.} (9. Qd3 Nf6 10. Qc4 Bd6 11. Qxc7
Bxc7 12. f4 d6 13. Bf3 Rb8 14. Rad1 b5 15. e5 dxe5 16. fxe5 Bxe5 17. Nc6 Nxc6
18. Bxc6+ Bd7 19. Rxd7 Nxd7 20. Rd1 Rd8 21. Bc5 Bxc3 22. bxc3 h5 23. a4 e5 24.
axb5 Rh6 25. Rd6 Rxd6 26. Bxd6 axb5 27. Bxe5 f6 28. Bd6 Rc8 {0-1 Suchorukow,
A-Fominyh,A/Mlada Boleslav 1992/EXT 97 (40)}) (9. e5 $5) 9... Nf6 10. Nb3 (10.
Nf3 Bxe3 11. Qxe3 b5 12. Qg5 (12. Bd3 e5 13. Rfe1 d6 14. a4 b4 15. Na2 Rb8 16.
Nd2 O-O 17. Bc4 a5 18. b3 Kh8 19. c3 Ng4 20. Qg3 f5 {0-1 Barishev,O-Fominyh,A/
Bela Crkva 1990/EXT 97 (46)}) 12... Ng6 13. e5 b4 14. exf6 bxc3 15. fxg7 Rg8
16. Qf6 cxb2 17. Qxb2 Rb8 18. Qf6 Qf4 {1/2-1/2 Loskutov,O-Fominyh,A/Moscow
1995/CBM 47 ext (32)}) (10. f4 $5) 10... Bxe3 11. Qxe3 d6 $11 {Schwarz hat
eine typische sizilianische Stellung. Weiss hat etwas Raumvorteil, aber dank
seinem möglichen Spiel am Damenflügel und auf der halboffenen c-Linie hat
Schwarz keine Problemen. Bemerkenswert ist auch, dass der b3N unglücklich
steht.} 12. Rad1 O-O 13. Rd2 {[%cal Gf1d1,Gd1d6,Gd2c2] Weiss verteidigt den
c2P im vorausr und möchte auf der d-Linie die Türme verdoppeln.} (13. f4 b5 $11
) (13. a4 b6 $11 {[%cal Gc8b7]}) 13... b5 14. Qd4 Ne8 15. a4 $6 {Dieser Zug
schwächt nur den weißen Damenflügel.} (15. f4 $11) (15. a3 $11) 15... Nc6 16.
Qe3 b4 $15 {Schwarz hat bessere Chancen und Raumvorteil am Damenflügel. Der
c3N findet keinen guten Platz.} 17. Na2 Nf6 {[%cal Gd6d5]} 18. Rfd1 {Diese
Turmverdoppelung ist jetzt weniger effektiv - Schwarz kann den Zug 18...d5
durchführen.} (18. c3 bxc3 (18... d5 19. exd5 Nxd5 20. Qc5 $132 {[%csl Gc5]})
19. Nxc3 Rb8 $15) 18... d5 19. exd5 exd5 $1 {[%csl Ye4][%cal Gf8e8,Ge8e2,Gf6e4]
Schwarz hat keine Angst vor dem isolierten Bauern, er kann entweder die
e-Linie besetzen oder nach e4 springen, mit aktivem Spiel.} (19... Nxd5 20. Qc5
$13 {[%csl Gc5]}) 20. Bf3 Be6 (20... Bg4 21. Bxg4 Nxg4 22. Qf3 Nf6 $15) (20...
Re8 21. Qc5 $13) 21. Qc5 $2 {In einigen Varianten steht die Dame wirklich
aktiv auf c5, aber hier kommt alles mit Tempo für Schwarz.} (21. c3 $15) (21.
Nd4 $15) 21... Nd7 22. Qe3 Nb6 {[%cal Rb6a4,Rb6c4,Rc4d2,Rc4e3]} 23. Nd4 Rfe8 {
[%csl Re3][%cal Ge8e3]} (23... Nc4 $2 {Dieser Zug wäre prinzipiell nicht
schlecht, aber verfrüht.} 24. Nxe6 Qe7 25. Qc5 Nxd2 (25... fxe6 26. Qxc6 $18)
26. Bxd5 fxe6 27. Qxe7 Nxe7 28. Bxa8 Rxa8 29. Rxd2 $16) 24. Re2 Bd7 25. Qc1 (
25. Qd2 Nc4 $15) 25... Nxd4 26. Rxd4 {[%cal Ga2b4,Gd4b4]} Rxe2 27. Bxe2 a5 {
[%csl Ra2,Ga5,Gb4] Der a2N steht schrecklich; Schwarz hat fühlbaren Druck am
Damenflügel.} 28. b3 Re8 {[%csl Ge8][%cal Re8e2]} 29. Qd2 Qe5 {[%csl Ra2,Re2]
[%cal Re8e2] Schwarz hat starke Kontrolle über die e-Linie.} 30. Bf1 Qe1 31.
Nc1 (31. c3 $2 Qb1 {[%cal Re8e1,Rb1g1]}) 31... Bf5 {[%csl Rc2][%cal Rf5c2]} 32.
Qxe1 $2 {Nach diesem Zug bekommt Schwarz angenehmes Spiel und sein Turm kann
eindringen.} (32. Ne2 $8 $15) 32... Rxe1 33. Nd3 Rd1 {[%csl Rd3,Rd4][%cal
Gd1d4]} 34. g4 (34. f3 Rd2 $17 {[%csl Rc2][%cal Rd2c2]}) (34. h4 h5 $17) 34...
Be4 $22 $17 {[%csl Rd3,Rd4,Rf1,Rg1][%cal Rd1f1] Die ganze weiße Stellung ist
gefesselt.} 35. f3 {Weiss opfert einen Bauern und bekommt etwas Luft, aber
seine Stellung bleibt schlecht.} Bxf3 36. Kf2 Be4 {[%csl Rc2][%cal Rd1d2,Rd2c2,
Rd2f2]} 37. Be2 (37. Ke2 Bxd3+ 38. Rxd3 Rc1 $17) 37... Rd2 38. Ke3 Rxc2 39.
Nxb4 {Ein verzweifeltes Springeropfer.} Rc3+ $5 (39... axb4 40. Rxb4 Nd7 41. a5
Kf8 42. a6 Ke7 $17) 40. Kf4 (40. Kd2 axb4 41. Rxb4 Rc2+ $19) 40... f6 {[%csl
Rf4][%cal Rg7g5,Rg5f4] Droht einzügiges Matt mit 41...g5.} (40... axb4 41. Rxb4
Nd7 $19) 41. g5 (41. h4 axb4 42. Rxb4 Nd7 $19) 41... axb4 {Endlich nimmt
Schwarz die Figur.} 42. Rxb4 Nd7 43. gxf6 gxf6 $19 {Weiss hat keine
Kompensation für die Figur. Der a-Bauer ist die einzige weisse Hoffnung - aber
Schwarz kann ihn leicht halten.} 44. a5 Nc5 45. Rb6 (45. a6 Ne6+ 46. Kg4 f5+
$19 {[%csl Rg4]}) 45... Kf7 46. Bg4 Nd3+ (46... Rxb3 $6 47. Rxb3 Nxb3 48. a6
Nd2 $17 (48... Nc5 49. a7 d4 50. Bf3 $16)) 47. Kg3 Ne5+ 48. Kh4 Ng6+ 49. Kh5 f5
{[%csl Rh5] Der weiße König befindet sich im Mattnetz.} 50. a6 (50. Be2 Rh3+
51. Kg5 h6#) 50... fxg4 51. Rb7+ (51. a7 d4 $19) 51... Kf6 0-1